LIBRARY & INFORMATION CENTRE, KCAET, TAVANUR

ONLINE PUBLIC ACCESS CATALOGUE (OPAC)

Design and Development of Roto Seeder cum Herbicide Applicator for Dry Seeding of Rice (Record no. 17454)

MARC details
000 -LEADER
fixed length control field 00416nam a22001457a 4500
003 - CONTROL NUMBER IDENTIFIER
control field OSt
082 ## - DEWEY DECIMAL CLASSIFICATION NUMBER
Classification number 631.3
Item number GEE/DE
088 ## - REPORT NUMBER
Report number T 525
100 ## - MAIN ENTRY--AUTHOR NAME
Personal name Geethu ,M
245 ## - TITLE STATEMENT
Title Design and Development of Roto Seeder cum Herbicide Applicator for Dry Seeding of Rice
260 ## - PUBLICATION, DISTRIBUTION, ETC. (IMPRINT)
Place of publication KCAET
Name of publisher Department of farm Machinery and Power Engineering
Year of publication 2021
300 ## - PHYSICAL DESCRIPTION
Number of Pages 83 pages
700 ## - ADDED ENTRY--PERSONAL NAME
Personal name Dhalin D ( guide)
942 ## - ADDED ENTRY ELEMENTS (KOHA)
Koha item type Theses
Holdings
Collection code Home library Current library Shelving location Full call number Accession Number Koha item type Public note
Reference KAUAET KAUAET Reference 631.3 GEE/DE T 525 Theses M.Tech Thesis
free website counter